The almanack of naval Ravikant (Record no. 113676)

MARC details
000 -LEADER
fixed length control field 00435 a2200169 4500
005 - DATE AND TIME OF LATEST TRANSACTION
control field 20250122104426.0
008 - FIXED-LENGTH DATA ELEMENTS--GENERAL INFORMATION
fixed length control field 241009b |||||||| |||| 00| 0 eng d
020 ## - INTERNATIONAL STANDARD BOOK NUMBER
International Standard Book Number 9789354893896
080 ## - UNIVERSAL DECIMAL CLASSIFICATION NUMBER
Universal Decimal Classification number JOR/A
100 ## - MAIN ENTRY--PERSONAL NAME
Personal name Jorgenson, Eric
245 ## - TITLE STATEMENT
Title The almanack of naval Ravikant
Remainder of title : a guide to wealth and happiness
260 ## - PUBLICATION, DISTRIBUTION, ETC. (IMPRINT)
Name of publisher, distributor, etc Harper
Place of publication, distribution, etc Haryana
Date of publication, distribution, etc 2021
300 ## - PHYSICAL DESCRIPTION
Extent 239p.
653 ## - INDEX TERM--UNCONTROLLED
Uncontrolled term Self-Help
653 ## - INDEX TERM--UNCONTROLLED
Uncontrolled term Success
942 ## - ADDED ENTRY ELEMENTS (KOHA)
item type Books
Holdings
Lost status Source of classification or shelving scheme Not for loan Home library Current library Date acquired Cost, normal purchase price Total Checkouts Total Renewals Full call number Barcode Checked out Date last seen Date checked out Cost, replacement price Price effective from Koha item type
  Universal Decimal Classification   University Library University Library 28/02/2024 319.20 6 3 159.923.2 JOR/A 00096202 24/04/2026 25/03/2026 25/03/2026 399.00 28/02/2024 Books
University Library, CUSAT